000 00592nam a2200217 a 4500
005 20210219153404.0
008 991125n 000 0 u
035 _aUPN01000095813
100 _aArmbruster, Bonnie B.
222 _aREADING TEACHER
245 _aReading to learn. Vocabulary in content area lessons
300 _a550-551
362 _a45, No. 7, 1992
505 _aJunio 1992
653 0 _aDESARROLLO DE VOCABULARIO
653 0 _aLECTURA DEL AREA DEL CONTENIDO
653 0 _aVOCABULARIO
700 _aNagy, William E.
904 _aAC
_b033624
905 _aArticulo
999 _c75675
_d75675